Business Policy And Strategic Management (Record no. 118759)

MARC details
000 -LEADER
fixed length control field 00326pam a2200133 a 4500
020 ## - INTERNATIONAL STANDARD BOOK NUMBER
Terms of availability
041 ## - LANGUAGE CODE
Language code of original
082 ## - DEWEY DECIMAL CLASSIFICATION NUMBER
Item number KAZ
100 ## - MAIN ENTRY--PERSONAL NAME
Personal name Kazami, A.
245 ## - TITLE STATEMENT
Title Business Policy And Strategic Management
Medium Textual Documents
260 ## - PUBLICATION, DISTRIBUTION, ETC.
Place of publication, distribution, etc. New Delhi
Name of publisher, distributor, etc. Tata Mcgraw Hill Publishing Company Ltd
300 ## - PHYSICAL DESCRIPTION
Extent XI/619
930 ## - EQUIVALENCE OR CROSS-REFERENCE-UNIFORM TITLE HEADING [LOCAL, CANADA]
Uniform title 11937
Holdings
Withdrawn status Lost status Source of classification or shelving scheme Damaged status Not for loan Home library Current library Shelving location Date acquired Source of acquisition Cost, normal purchase price Total Checkouts Full call number Barcode Date last seen Copy number Price effective from Koha item type
    Dewey Decimal Classification     Abhijit Kadam Institute of Management & Social Science, Solapur Abhijit Kadam Institute of Management & Social Science, Solapur MSW Library 25/08/2004 Book World Enterprises 185.00   KAZ AKS-W-02010 01/03/2023 1 01/03/2023 Book